| 000 | 00579nam a22001817a 4500 | ||
|---|---|---|---|
| 005 | 20251108165032.0 | ||
| 008 | 250721s1991 xx 000 0 ara d | ||
| 082 | 1 | 4 | _a362.5/درن |
| 100 | 1 | _aدرننج، الن ب | |
| 245 | 1 | 0 | _aالفقر و البيئة الحد من دوامة الفقر / |
| 264 | 1 |
_aالقاهرة : _bالدار الدولية للنشر والتوزيع، _c1991. |
|
| 300 | _a111ص | ||
| 650 | 1 | 7 | _aالفقر |
| 650 | 1 | 7 | _aالخدمات الإجتماعية |
| 700 | 1 |
_aصابر، محمد _eترجمة |
|
| 942 |
_2ddc _cBK |
||
| 999 |
_c20525 _d20525 |
||